LEADER 01651nam 2200517 450 001 9910714064703321 005 20201109135920.0 035 $a(CKB)5470000002506998 035 $a(OCoLC)1204224859 035 $a(EXLCZ)995470000002506998 100 $a20201109d2020 ua 0 101 0 $aeng 135 $aur||||||||||| 181 $ctxt$2rdacontent 182 $cc$2rdamedia 183 $acr$2rdacarrier 200 00$aCivic space legal framework $eBrazil, Finland, Morocco, Tunisia 210 1$a[Washington, D.C.] :$cThe Law Library of Congress, Global Legal Research Directorate,$d2020. 215 $a1 online resource (69 pages) 300 $a"October 2020." 300 $a"LL File no. 2020-019355." 320 $aIncludes bibliographical references. 517 $aCivic space legal framework 606 $aPolitical rights 606 $aGovernment information 606 $aAssembly, Right of 606 $aFreedom of expression 606 $aPrivacy, Right of 606 $aFreedom of the press 606 $aRight to Internet access 606 $aFreedom of information 615 0$aPolitical rights. 615 0$aGovernment information. 615 0$aAssembly, Right of. 615 0$aFreedom of expression. 615 0$aPrivacy, Right of. 615 0$aFreedom of the press. 615 0$aRight to Internet access. 615 0$aFreedom of information. 712 02$aLaw Library of Congress (U.S.).$bGlobal Legal Research Directorate, 801 0$bGPO 801 1$bGPO 906 $aBOOK 912 $a9910714064703321 996 $aCivic space legal framework$93543727 997 $aUNINA LEADER 01263nam 2200409 450 001 9910793868903321 005 20230503031014.0 010 $a1-64055-100-X 010 $a1-64055-102-6 035 $a(CKB)4100000009445524 035 $a(MiAaPQ)EBC5909621 035 $a(EXLCZ)994100000009445524 100 $a20191017d2019 uy 0 101 0 $aeng 135 $aurcnu|||||||| 181 $ctxt$2rdacontent 182 $cc$2rdamedia 183 $acr$2rdacarrier 200 13$aAn insider's guide to working with healthcare consultants /$fAndrew C. Agwunobi ; foreword by Paul Osborne 210 1$aChicago, Illinois :$cHealth Administration Press,$d[2019] 210 4$dİ2019 215 $a1 online resource (147 pages) 225 1 $aACHE Management Series 311 $a1-64055-099-2 410 0$aManagement series (Ann Arbor, Mich.) 606 $aHospital-physician relations 615 0$aHospital-physician relations. 676 $a362.11068 700 $aAgwunobi$b Andrew C.$01479060 702 $aOsborne$b Paul 801 0$bMiAaPQ 801 1$bMiAaPQ 801 2$bMiAaPQ 906 $aBOOK 912 $a9910793868903321 996 $aAn insider's guide to working with healthcare consultants$93850775 997 $aUNINA LEADER 03694nam 22007572 450 001 9910827559003321 005 20160513112132.0 010 $a1-107-23265-1 010 $a1-139-60955-6 010 $a1-139-61141-0 010 $a1-139-62443-1 010 $a1-139-60824-X 010 $a1-139-61513-0 010 $a0-511-97868-5 010 $a1-283-89932-9 010 $a1-139-62071-1 035 $a(CKB)2550000000710927 035 $a(EBL)1099787 035 $a(OCoLC)823724661 035 $a(SSID)ssj0000783623 035 $a(PQKBManifestationID)11430641 035 $a(PQKBTitleCode)TC0000783623 035 $a(PQKBWorkID)10762240 035 $a(PQKB)10082280 035 $a(UkCbUP)CR9780511978685 035 $a(Au-PeEL)EBL1099787 035 $a(CaPaEBR)ebr10635754 035 $a(CaONFJC)MIL421182 035 $a(MiAaPQ)EBC1099787 035 $a(PPN)261275534 035 $a(EXLCZ)992550000000710927 100 $a20101014d2013|||| uy| 0 101 0 $aeng 135 $aur||||||||||| 181 $ctxt$2rdacontent 182 $cc$2rdamedia 183 $acr$2rdacarrier 200 10$aLandslide ecology /$fLawrence R. Walker, University of Nevada, Las Vegas, Nevada, USA, Aaron B. Shiels, USDA National Wildlife Research Center, Hilo, Hawaii, USA$b[electronic resource] 210 1$aCambridge :$cCambridge University Press,$d2013. 215 $a1 online resource (xiv, 300 pages) $cdigital, PDF file(s) 225 1 $aEcology, biodiversity, and conservation 300 $aTitle from publisher's bibliographic system (viewed on 05 Oct 2015). 311 $a0-521-17840-1 311 $a0-521-19052-5 320 $aIncludes bibliographical references and index. 327 $aMachine generated contents note: Preface; 1. Introduction; 2. Spatial patterns; 3. Physical causes and consequences; 4. Biological consequences; 5. Biotic interactions and temporal patterns; 6. Living with landslides; 7. Large scales and future directions for landslide ecology; Glossary; References; Index. 330 $aDespite their often dangerous and unpredictable nature, landslides provide fascinating templates for studying how soil organisms, plants and animals respond to such destruction. The emerging field of landslide ecology helps us understand these responses, aiding slope stabilisation and restoration and contributing to the progress made in geological approaches to landslide prediction and mitigation. Summarising the growing body of literature on the ecological consequences of landslides, this book provides a framework for the promotion of ecological tools in predicting, stabilising, and restoring biodiversity to landslide scars at both local and landscape scales. It explores nutrient cycling; soil development; and how soil organisms disperse, colonise and interact in what is often an inhospitable environment. Recognising the role that these processes play in providing solutions to the problem of unstable slopes, the authors present ecological approaches as useful, economical and resilient supplements to landslide management. 410 0$aEcology, biodiversity, and conservation. 606 $aLandslides 606 $aGeomorphology 606 $aRevegetation 606 $aColonization (Ecology) 615 0$aLandslides. 615 0$aGeomorphology. 615 0$aRevegetation. 615 0$aColonization (Ecology) 676 $a577.5/8 686 $aNAT010000$2bisacsh 700 $aWalker$b Lawrence R.$01616167 702 $aShiels$b Aaron B. 801 0$bUkCbUP 801 1$bUkCbUP 906 $aBOOK 912 $a9910827559003321 996 $aLandslide ecology$93946763 997 $aUNINA